piłkarze - Statystyki

Ogólne statystyki
  • Ten quiz został rozwiązany 1 068 razy
  • Średni wynik to 13 z 15
Statystyki odpowiedzi
Zagadnienie Odpowiedź % Poprawnych
Lionel Messi pochodzi z argentyny
100%
Neymar pochodzi z brazyli
100%
Alvaro Morata jest hiszpanem
100%
który z tych piłkarzy pochodzi z belgi Kevin De Bruyne
100%
Cristiano Ronaldo jest ? portugalczykiem
100%
Paul Pogba jest francuzem
94%
Isco jest z hiszpani
94%
Marco Reus jest niemcem
94%
Mohamed Salah pochodzi z którego afrykańskiego państwa? z egiptu
94%
Arturo Vidal pochodzi z chile
83%
Koke jest hiszpanem
83%
James Rodriguez pochodzi z kolumbi
83%
Miralem Pjanić pochodzi z bośni i hercegowiny
61%
Raheem Sterling ma narodowość z angli i ? jamajki
61%
Dienis Czeryszew pochodzi z rosji
61%
Nie znaleziono quizów pasujących do podanych kryteriów
Rozkład punktacji
Procent ludzi z każdym wynikiem
Percentyl według liczby udzielonych odpowiedzi
Twoja historia wyników
Nie rozwiązałeś tego quizu